Analyzujú podniky prínos nakúpených IT?
Informácie k výskumu zameranému na otázku, či nákupu IT predchádza analýza ich prínosu a či v slovenských podnikoch majú zavedený systém vyhodnocovania vložených investícií do IT počas obdobia ich využívania. Výsledky priebežného vyhodnocovania.
Gespeichert in:
| 1. Verfasser: | |
|---|---|
| Weitere Verfasser: | |
| Format: | Buchkapitel |
| Sprache: | Slowakisch |
| Schlagworte: | |
| Tags: |
Keine Tags, Fügen Sie das erste Tag hinzu!
|
MARC
| LEADER | 00000naa$a2200000$$$4500 | ||
|---|---|---|---|
| 001 | 0025116 | ||
| 005 | 20240502071421.1 | ||
| 041 | 0 | |a slo | |
| 044 | |a SK | ||
| 245 | 1 | 0 | |a Analyzujú podniky prínos nakúpených IT? |c František Sudzina, Ľubomír Karas |
| 520 | |a Informácie k výskumu zameranému na otázku, či nákupu IT predchádza analýza ich prínosu a či v slovenských podnikoch majú zavedený systém vyhodnocovania vložených investícií do IT počas obdobia ich využívania. Výsledky priebežného vyhodnocovania. | ||
| 610 | 2 | 0 | |a firmy |
| 610 | 2 | 0 | |a investície |
| 610 | 2 | 0 | |a technológie informačné |
| 610 | 2 | 0 | |a návratnosť investícií |
| 610 | 2 | 0 | |a výskum |
| 610 | 2 | 0 | |a analýzy |
| 100 | 1 | |a Sudzina, František | |
| 700 | 1 | |a Karas, Ľubomír | |